El fin de las clùsulas abusivas hipotecarias en la ley de crďito inmobiliario y en la jurisprudencia del TS y TJUE

Detalles Bibliográficos
Autor principal: Domenech, Federico Adan
Formato: eBook
Lenguaje:español
Publicado: Barcelona: J.M. Bosch Editor, 2020
Materias:
Acceso en línea:Acceso restringido

MARC

LEADER 00000nam a22000007a 4500
005 20200608175350.0
007 cr|||| ||||
008 200608s2020 es |||||s|||| 00||0 spa d
020 |a 978-84-122015-0-5 
035 |a 31732 
040 |a vLex 
090 |c 10572  |d 10572 
100 1 |a Domenech, Federico Adan 
245 1 2 |a El fin de las clùsulas abusivas hipotecarias en la ley de crďito inmobiliario y en la jurisprudencia del TS y TJUE  |h [Recurso electrn̤ico] /  |c Federico Adan Domenech 
256 |a Servicio en ln̕ea 
260 |a Barcelona:  |b J.M. Bosch Editor,  |c 2020 
300 |a 1 recurso electrn̤ico 
500 |a La contratacin̤ bancaria ha sido una de las materias jurd̕icas que mayor nm︢ero de modificaciones ha sufrido en los l︢timos aǫs, originando una situacin̤ de inseguridad jurd̕ica tanto en el justiciable como en los operadores jurd̕icos. La presente monografa̕ tiene dos objetivos. En primer lugar, analizar cm̤o se regulan normativamente las clùsulas abusivas en la Ley 5/2019,de 15 de marzo, reguladora de los contratos de crďito inmobiliario, y, en segundo lugar, examinar la reciente jurisprudencia comunitaria e interna, en relacin̤ a la interpretacin̤ y aplicacin̤ de las clùsulas abusivas, y cm̤o esta incide en el m̀bito sustantivo y procesal. Asimismo, debido a la especial importancia del Real Decreto-Ley 8/2020, de 17 de marzo, de medidas urgentes extraordinarias para hacer frente al impacto econm̤ico y social del covid-19 y del Real Decreto-Ley 11/2020, de 31 de marzo, por el que se adoptan medidas urgentes complementarias en el m̀bito social y econm̤ico para hacer frente al covid-19, ambos textos normativos, dictados durante el estado de alarma, se analiza la posibilidad de solicitar y conceder la moratoria respecto del pago de las obligaciones econm̤icas derivadas de los contratos de prštamo, en especial, los hipotecarios. 
506 1 |a Disponible solo en los productos indicados  |d vLex Global  |d vLex Global (Academic Edition, excluding Law Schools)  |d vLex Global (U.S. Academic Edition, Law Schools)  |d vLex Global (U.S. Academic Edition, excluding Law Schools)  |d vLex Global (Academic Edition, Law Schools) 
650 0 4 |a Derecho Procesal  |z Espaą 
740 0 |a vLex Libros (Servicio en ln̕ea) 
856 4 0 |u http://vlex.com/source/fin-de-las-clausulas-abusivas-hipotecarias-en-la-ley-de-credito-inmobiliario-y-en-la-jurisprudencia-del-ts-y-tjue-31732  |z Acceso restringido 
942 |c BOOK 
999 0 |a Procedural law